000 00672nam a2200229Ia 4500
003 IIN
005 20240202114844.0
008 231217s9999 xx 000 0 und d
020 _cRs.1099.00
_a9789351298267
040 _aIIN
_bEnglish
082 _a612
_bJOS
100 1 _a.Joshi, Vijaya D.
245 1 _aAnatomy and Physiology:
_bfor Nursing and Healthcare Students /
_cVijaya D. Joshi, Ashalata N Nandedkar and Sadhana S Mendhurwar
250 _a3rd ed
260 _bWolters Kluwer
_aGurgaon
_c2018
300 _a523p.
650 1 _aAnatomy
650 1 _aPhysiology
700 1 _aNandedkar, Ashalata N
700 1 _aMendhurwar, Sadhana S
942 _cBOOK
999 _c62
_d62